000 00567nam a2200205Ia 4500
001 14789
003 GE_BSU
008 181216s||||||||xx |||||||||||||| ||und||
040 _cGE_BSU
080 _a511(075.3)
100 _aАндронов, И.К.
245 _aАрифметика натуральных чисел .
245 _cРед. Н.И.Лепешкина.
260 _aМосква
260 _bУчпедгиз.
260 _c1954
300 _a191стр.22см.
653 _aАрифметика натуральных чисел
942 _cBK
999 _c47912
_d47912